[Event "Tournoi Skype 019A"]
[Site "Skype"]
[Date "????.??.??"]
[Round "5.19"]
[White "Carballo, Jorge"]
[Black "Rugman, Dan"]
[Result "0-1"]
[WhiteElo "1599"]
[BlackElo "1561"]
[PlyCount "60"]

1. e4 c5 2. Nf3 d6 3. d4 cxd4 4. Qxd4 Nc6 5. Qd2 a6 6. c4 Nf6 7. Nc3 g6 8. e5
dxe5 9. Qxd8+ Kxd8 10. Bg5 Bg7 11. O-O-O+ Bd7 12. Bxf6 Bxf6 13. Nd5 Rc8 14. Nb6
Rc7 15. c5 e4 16. Ne1 Bg5+ 17. Kb1 Na7 18. Bc4 e6 19. h4 Be7 20. b4 Ke8 21.
Nxd7 Rxd7 22. Nc2 Nc6 23. a4 Rxd1+ 24. Rxd1 Bxh4 25. g3 Bg5 26. b5 axb5 27.
axb5 Ne5 28. Bb3 Ng4 29. Rf1 Ke7 30. f3 Nh2 0-1

[Event "Tournoi Skype 019A"]
[Site "Skype"]
[Date "????.??.??"]
[Round "5.20"]
[White "Aranzubia, Desiderio"]
[Black "Alvarez, Juan Evangelista"]
[Result "1-0"]
[WhiteElo "1591"]
[BlackElo "1400"]
[PlyCount "101"]

1. d4 d5 2. c4 dxc4 3. e3 e5 4. Nf3 Bb4+ 5. Bd2 Bxd2+ 6. Nbxd2 exd4 7. Nxd4 Ne7
8. Bxc4 O-O 9. O-O c5 10. N4f3 Be6 11. Bxe6 fxe6 12. Qb3 Qd5 13. Qc2 Nbc6 14.
Rfd1 Nb4 15. Qb1 Rf6 16. Ne4 Qf5 17. Nxf6+ Qxf6 18. a3 Nbd5 19. Qc2 b6 20. Rd2
Rf8 21. Rad1 Qg6 22. Qxg6 Nxg6 23. e4 Ndf4 24. Rd8 Ne2+ 25. Kf1 Rxd8 26. Rxd8+
Kf7 27. Kxe2 Ke7 28. Ra8 a5 29. Rb8 Nf4+ 30. Kf1 Kd6 31. Rxb6+ Kc7 32. Rb5 Nd3
33. Rxa5 Nxb2 34. Ra7+ Kb6 35. Rxg7 c4 36. Rxh7 c3 37. Ne1 Kc5 38. Nc2 Kc4 39.
Ke2 Kb3 40. Nd4+ Kxa3 41. e5 Nc4 42. f4 Kb2 43. Rb7+ Kc1 44. Rb3 Nxe5 45. Rxc3+
Kb2 46. Rc2+ Kb1 47. fxe5 Ka1 48. h4 Kb1 49. Kd3 Ka1 50. Kc3 Kb1 51. Kb3 1-0

[Event "Tournoi Skype 019A"]
[Site "Skype"]
[Date "????.??.??"]
[Round "5.21"]
[White "Aceituno, Stebe"]
[Black "Le Brun, Yves"]
[Result "0-1"]
[WhiteElo "1586"]
[BlackElo "1532"]
[PlyCount "84"]

1. e4 e5 2. Nf3 d6 3. Bc4 Nc6 4. h3 h6 5. d4 Be7 6. Nc3 Nf6 7. dxe5 dxe5 8.
Qxd8+ Bxd8 9. Be3 Na5 10. Bb5+ c6 11. Ba4 Bc7 12. O-O Nc4 13. Bb3 Nxe3 14. fxe3
O-O 15. Nh4 Re8 16. Nf5 Be6 17. Bxe6 Rxe6 18. Rf3 Kh7 19. Raf1 Rg8 20. Ng3 Kg6
21. h4 Rf8 22. Rf5 Bb6 23. R1f3 Ng4 24. Nf1 Bd8 25. h5+ Kh7 26. Rxf7 Rxf7 27.
Rxf7 Rf6 28. Rd7 Bb6 29. Nd1 Kg8 30. Rxb7 Rd6 31. Nc3 Nxe3 32. Nxe3 Bxe3+ 33.
Kf1 Rd2 34. Rc7 Rf2+ 35. Ke1 Rxc2 36. Rxc6 Rxb2 37. Ra6 Rxg2 38. Nd5 Bc5 39.
Rc6 Bd4 40. Ne7+ Kf7 41. Nf5 Bb6 42. Re6 Kxe6 0-1

[Event "Tournoi Skype 019A"]
[Site "Skype"]
[Date "????.??.??"]
[Round "5.22"]
[White "Hague, Mark"]
[Black "Acikgoz, Tuncay"]
[Result "1-0"]
[WhiteElo "1453"]
[BlackElo "1617"]
[PlyCount "37"]

1. d4 f5 2. e4 fxe4 3. Nc3 Nf6 4. Bg5 e6 5. Nxe4 Be7 6. Nxf6+ Bxf6 7. Qh5+ g6
8. Bxf6 Qxf6 9. Qe5 Qxe5+ 10. dxe5 O-O 11. g3 Nc6 12. f4 g5 13. Ne2 Nb4 14. Kd2
gxf4 15. gxf4 Nd5 16. Rg1+ Kh8 17. Rg4 Nxf4 18. Nxf4 Rxf4 19. Rxf4 1-0

[Event "Tournoi Skype 019A"]
[Site "Skype"]
[Date "????.??.??"]
[Round "5.23"]
[White "Bendre, Pankaj"]
[Black "L'Herbon De Lussats, Jean"]
[Result "1-0"]
[WhiteElo "1543"]
[BlackElo "1515"]
[PlyCount "112"]

1. e4 c5 2. Nf3 Nc6 3. d4 e6 4. Nc3 cxd4 5. Nxd4 Bc5 6. Nb3 Bb6 7. Be2 Nge7 8.
Bg5 O-O 9. Qd2 f6 10. Be3 Bxe3 11. Qxe3 d5 12. O-O-O f5 13. Bf3 fxe4 14. Bxe4
Nf5 15. Bxf5 Rxf5 16. f4 Qf6 17. g3 b6 18. Kb1 Bb7 19. Rhf1 Rd8 20. Ne2 Rh5 21.
h4 e5 22. fxe5 Qxe5 23. Qxe5 Rxe5 24. Ned4 Ne7 25. g4 g6 26. Rg1 Re4 27. h5 Kf7
28. h6 g5 29. Nf5 Kg6 30. Nbd4 Ng8 31. Nf3 Bc8 32. N3d4 Nxh6 33. Nxh6 Kxh6 34.
Nc6 Rd6 35. Nd4 Rxg4 36. Rh1+ Kg6 37. Nb5 Rd7 38. Rde1 Bb7 39. Nxa7 Re4 40. Nb5
Rde7 41. Rd1 Rd7 42. Nc3 Re5 43. Rh2 h5 44. Ne2 h4 45. Ng1 Rde7 46. Nf3 Re4 47.
Rhh1 Kh5 48. Nd4 g4 49. Nf5 d4 50. Ng3+ Kg5 51. Nxe4+ Rxe4 52. a3 g3 53. Rd2
Kg4 54. Rg1 h3 55. b3 h2 56. Rxh2 Re1+ 1-0

[Event "Tournoi Skype 019A"]
[Site "Skype"]
[Date "????.??.??"]
[Round "6.1"]
[White "Engstrom, Olle"]
[Black "Martine, Jean-Christophe"]
[Result "0-1"]
[WhiteElo "1759"]
[BlackElo "2056"]
[PlyCount "60"]

1. e4 d6 2. d4 Nf6 3. Nc3 c6 4. Nf3 Bg4 5. Be2 e6 6. Be3 d5 7. e5 Nfd7 8. O-O
a6 9. h3 Bh5 10. Ne1 Bxe2 11. Qxe2 c5 12. dxc5 Nc6 13. f4 d4 14. Ne4 dxe3 15.
Qxe3 Be7 16. Nd6+ Bxd6 17. cxd6 Qb6 18. Qxb6 Nxb6 19. Nd3 Nd5 20. c3 b6 21. Rf3
Kd7 22. Raf1 g6 23. g4 Rac8 24. Nf2 f6 25. Ne4 fxe5 26. c4 Nxf4 27. Rd1 Rhf8
28. c5 Nd4 29. Ra3 Nfe2+ 30. Kg2 Rf4 0-1

[Event "Tournoi Skype 019A"]
[Site "Skype"]
[Date "????.??.??"]
[Round "6.2"]
[White "Hervais, Adrien"]
[Black "Karia, Vijay"]
[Result "1-0"]
[WhiteElo "2124"]
[BlackElo "1671"]
[PlyCount "39"]

1. d4 d5 2. Nc3 c6 3. e4 e6 4. Nf3 Bb4 5. Bd3 Nf6 6. e5 Ne4 7. Bxe4 dxe4 8. Ng5
Qd5 9. O-O Bxc3 10. bxc3 h6 11. Qh5 O-O 12. Nh3 Nd7 13. Qg4 f5 14. Qg6 Kh8 15.
Bxh6 gxh6 16. Qxh6+ Kg8 17. Qg6+ Kh8 18. Ng5 Nf6 19. exf6 Qd7 20. f7 1-0

[Event "Tournoi Skype 019A"]
[Site "Skype"]
[Date "????.??.??"]
[Round "6.3"]
[White "Joshi, Aryan"]
[Black "Benson, Paul"]
[Result "0-1"]
[WhiteElo "1697"]
[BlackElo "2040"]
[PlyCount "20"]

1. b3 c5 2. Bb2 Qc7 3. e3 e5 4. Nf3 Nc6 5. Bb5 Nge7 6. d4 cxd4 7. exd4 Qa5+ 8.
Nc3 Nd5 9. Qd2 Bb4 10. Bxc6 dxc6 0-1

[Event "Tournoi Skype 019A"]
[Site "Skype"]
[Date "????.??.??"]
[Round "6.4"]
[White "Dal, Ibrahim"]
[Black "Deville, Olivier"]
[Result "1/2-1/2"]
[WhiteElo "1840"]
[BlackElo "2032"]
[PlyCount "47"]

1. d4 Nf6 2. Nf3 e6 3. c4 Bb4+ 4. Bd2 Qe7 5. g3 Nc6 6. Bg2 Bxd2+ 7. Qxd2 O-O 8.
O-O d6 9. Nc3 e5 10. e3 e4 11. Ng5 Bf5 12. Nh3 Rfe8 13. Nf4 Qd7 14. Ncd5 Nxd5
15. Nxd5 Ne7 16. Nc3 Ng6 17. Rfe1 c6 18. Qc2 Qe6 19. Ne2 Nf8 20. d5 Qe5 21. Qc3
cxd5 22. Qxe5 Rxe5 23. cxd5 Rxd5 24. Nc3 1/2-1/2

[Event "Tournoi Skype 019A"]
[Site "Skype"]
[Date "????.??.??"]
[Round "6.5"]
[White "Ibarra Cantu, Raul Alberto"]
[Black "Hilton, Stephen"]
[Result "1-0"]
[WhiteElo "2097"]
[BlackElo "1926"]
[PlyCount "95"]

1. e4 c5 2. Nf3 d6 3. d4 cxd4 4. Nxd4 Nf6 5. Nc3 a6 6. Be2 e5 7. Nb3 Be7 8. Be3
Be6 9. f3 d5 10. exd5 Nxd5 11. Nxd5 Qxd5 12. Qxd5 Bxd5 13. O-O-O Bxb3 14. axb3
Nd7 15. Rd5 f6 16. Rhd1 O-O-O 17. f4 g6 18. Bf3 exf4 19. Bxf4 Nb6 20. Rxd8+
Rxd8 21. Rxd8+ Bxd8 22. Kd2 Bc7 23. Ke3 Nd7 24. Bg4 f5 25. Bf3 Ne5 26. Bxe5
Bxe5 27. h3 Bxb2 28. Bd5 Kc7 29. Bg8 h6 30. Bh7 g5 31. Bxf5 Kd6 32. Kf3 Ke5 33.
Bc8 b5 34. b4 Kd4 35. Bxa6 Kc4 36. Kg4 Kxb4 37. Kh5 Bc1 38. Bc8 Kc3 39. Bd7 b4
40. Ba4 Kd4 41. Kxh6 g4+ 42. Kg6 gxh3 43. gxh3 Ke4 44. h4 Kf4 45. h5 Bb2 46. h6
Bc3 47. h7 Bh8 48. Kf7 1-0

[Event "Tournoi Skype 019A"]
[Site "Skype"]
[Date "????.??.??"]
[Round "6.7"]
[White "Prasad Singh, Ambika"]
[Black "Rico Hernandez, Edgar"]
[Result "0-1"]
[WhiteElo "1608"]
[BlackElo "1889"]
[PlyCount "118"]

1. e4 c6 2. d4 d5 3. f3 Nf6 4. Nc3 e6 5. Nge2 Be7 6. g3 O-O 7. Bg2 Nbd7 8. O-O
b6 9. a3 Ba6 10. Re1 Rc8 11. Be3 Ne8 12. exd5 cxd5 13. Nf4 Nd6 14. Bf2 Nf6 15.
Rc1 Nc4 16. Rb1 Nxa3 17. Ra1 Bb7 18. Bf1 a5 19. Bd3 Nc4 20. Ra2 Nxb2 21. Rxb2
Rxc3 22. Qb1 Bb4 23. Ne2 Rc6 24. Nc1 Bxe1 25. Bxe1 Ba8 26. Na2 Ne8 27. Nc3 Rxc3
28. Bxc3 Qc7 29. Bd2 Nd6 30. Bf4 Rb8 31. Kg2 h6 32. h4 f6 33. Qe1 Qd7 34. Qb1
Qd8 35. Kh3 g5 36. hxg5 hxg5 37. Bxd6 Qxd6 38. Kg2 e5 39. c3 e4 40. fxe4 dxe4
41. Bxe4 Bd5 42. Bxd5+ Qxd5+ 43. Kf2 f5 44. Rxb6 Rxb6 45. Qxb6 g4 46. Qg6+ Kf8
47. Qh6+ Ke7 48. Qh7+ Kd6 49. Qh6+ Kc7 50. Qf4+ Kc6 51. Ke3 Qf3+ 52. Qxf3+ gxf3
53. Kxf3 a4 54. Kf4 a3 55. Kxf5 a2 56. g4 a1=Q 57. g5 Qxc3 58. g6 Qxd4 59. Ke6
Qg7 0-1

[Event "Tournoi Skype 019A"]
[Site "Skype"]
[Date "????.??.??"]
[Round "6.8"]
[White "Jacquelin, Norbert"]
[Black "Mulrooney, Justin"]
[Result "1-0"]
[WhiteElo "1839"]
[BlackElo "1729"]
[PlyCount "77"]

1. c4 Nf6 2. Nc3 g6 3. g3 Bg7 4. Bg2 c5 5. Nf3 Nc6 6. d3 d6 7. O-O O-O 8. Rb1
Bd7 9. a3 a5 10. Bg5 Rb8 11. Qd2 Re8 12. h3 Na7 13. Rfd1 b5 14. e4 b4 15. Ne2
Nc6 16. Re1 e5 17. Rf1 Qc8 18. Kh2 Be6 19. Bxf6 Bxf6 20. Ng5 Bd7 21. f4 Qd8 22.
Nf3 exf4 23. Nxf4 Ne5 24. Nd5 Bg7 25. axb4 axb4 26. b3 Nxf3+ 27. Rxf3 Be5 28.
Rbf1 Be6 29. Qf2 Rb7 30. Nf6+ Bxf6 31. Rxf6 Rc7 32. h4 Qe7 33. Qf4 Rd7 34. g4
Kg7 35. Bh3 h6 36. g5 hxg5 37. Qxg5 Rf8 38. Bxe6 fxe6 39. Rxg6+ 1-0

[Event "Tournoi Skype 019A"]
[Site "Skype"]
[Date "????.??.??"]
[Round "6.9"]
[White "Trivedi, Viral"]
[Black "Ricieri, Vinicius"]
[Result "0-1"]
[WhiteElo "1593"]
[BlackElo "1738"]
[PlyCount "100"]

1. e4 c5 2. Nc3 g6 3. f4 Bg7 4. Nf3 Nc6 5. Bc4 e6 6. O-O Nge7 7. d3 d5 8. Bb5
O-O 9. Bxc6 Nxc6 10. f5 dxe4 11. dxe4 exf5 12. exf5 Bxf5 13. Be3 Qxd1 14. Raxd1
b6 15. Rd2 Rfd8 16. Rfd1 Rxd2 17. Rxd2 Nb4 18. Ne1 Bxc3 19. bxc3 Nxa2 20. Nd3
Rd8 21. Bg5 Rd7 22. Bf6 Nc1 23. Rd1 Nxd3 24. cxd3 Rxd3 25. Re1 Kf8 26. Bg5 Be6
27. c4 Rd4 28. Ra1 a5 29. Ra4 Bxc4 30. Bf6 Rd1+ 31. Kf2 Rf1+ 32. Ke3 Rxf6 33.
Rxc4 Re6+ 34. Kd3 f5 35. Rc2 a4 36. Kc4 Re4+ 37. Kc3 b5 38. Kb2 Rb4+ 39. Ka3
Rb3+ 40. Ka2 c4 41. Rd2 c3 42. Rc2 Rb2+ 43. Rxb2 cxb2 44. Kxb2 b4 45. g3 a3+
46. Kc2 a2 47. Kb2 b3 48. h3 g5 49. Ka1 f4 50. gxf4 gxf4 0-1

[Event "Tournoi Skype 019A"]
[Site "Skype"]
[Date "????.??.??"]
[Round "6.10"]
[White "Murgia, Stefano"]
[Black "Casey, Eamonn"]
[Result "1/2-1/2"]
[WhiteElo "1705"]
[BlackElo "1703"]
[PlyCount "72"]

1. e4 e6 2. d4 d5 3. Nc3 Nf6 4. e5 Nfd7 5. f4 c5 6. Nf3 a6 7. Be3 Nc6 8. Qd2
Be7 9. dxc5 Nxc5 10. O-O-O O-O 11. h4 b5 12. Qf2 Nd7 13. Bd3 f6 14. exf6 Nxf6
15. Nd4 Bd7 16. Nxc6 Bxc6 17. Bd4 b4 18. Ne2 a5 19. h5 h6 20. g4 Nxg4 21. Qg3
Nf6 22. Rdg1 Rf7 23. Qg6 Kf8 24. f5 exf5 25. Bxf5 Bd7 26. Nf4 Bxf5 27. Qxf5 Qd7
28. Ne6+ Kg8 29. Rg6 Ne4 30. Rxg7+ Rxg7 31. Bxg7 Bg5+ 32. Kd1 Ng3 33. Qg6 Qf7
34. Qxf7+ Kxf7 35. Re1 Bf6 36. Bxh6 Nxh5 1/2-1/2

[Event "Tournoi Skype 019A"]
[Site "Skype"]
[Date "????.??.??"]
[Round "6.11"]
[White "Sierra, Henry Alberto"]
[Black "Legueltel, Daniel"]
[Result "1-0"]
[WhiteElo "1595"]
[BlackElo "1842"]
[PlyCount "59"]

1. d4 Nf6 2. c4 e6 3. Nc3 Be7 4. Bg5 b6 5. Nf3 Bb7 6. e3 O-O 7. Bd3 h6 8. Bh4
d5 9. cxd5 exd5 10. O-O Nbd7 11. Rc1 c5 12. Ne2 c4 13. Bb1 b5 14. a3 a5 15. a4
b4 16. b3 c3 17. Qc2 Ne4 18. Bxe7 Qxe7 19. Ng3 Ndf6 20. Ne5 Nd2 21. Rfe1 Nxb1
22. Qxb1 Ne4 23. f3 Nxg3 24. hxg3 Qe6 25. Kf2 f6 26. Ng4 Qf7 27. Rh1 Bc8 28.
Rxh6 Re8 29. Rch1 Qe7 30. Qg6 1-0

[Event "Tournoi Skype 019A"]
[Site "Skype"]
[Date "????.??.??"]
[Round "6.14"]
[White "Farthouat, Titoine"]
[Black "Thoune, Jim"]
[Result "1-0"]
[WhiteElo "1569"]
[BlackElo "1733"]
[PlyCount "99"]

1. e4 g6 2. d4 d6 3. c4 Bg7 4. Nf3 e6 5. b3 c5 6. Bb2 Nc6 7. Bc3 Bd7 8. dxc5
Bxc3+ 9. Nxc3 dxc5 10. Qd6 Qa5 11. Rc1 O-O-O 12. Qd2 Nf6 13. Be2 Be8 14. Qe3 e5
15. O-O h6 16. h3 Nh5 17. Rfd1 Bd7 18. Nb5 Nf4 19. Nd6+ Kb8 20. Nxf7 Nd4 21.
Nxd4 cxd4 22. Qf3 Qxa2 23. Bf1 Qa5 24. Nxh8 Rxh8 25. Ra1 Qd8 26. b4 Rf8 27. Qg3
Bc6 28. f3 h5 29. h4 Qb6 30. b5 Bd7 31. Rdc1 Qc5 32. Ra2 Be6 33. Rca1 d3+ 34.
Qf2 Qxf2+ 35. Kxf2 Bxc4 36. Rxa7 Kc7 37. Rb1 Kb6 38. Ra4 Rc8 39. g3 Ne2 40.
Bxe2 dxe2 41. Rc1 Bb3 42. Rxc8 Bxa4 43. Kxe2 Bxb5+ 44. Ke3 Bc6 45. Rg8 Kc5 46.
Rxg6 b5 47. Kd3 b4 48. Kc2 Ba4+ 49. Kb2 Kd4 50. Rb6 1-0

[Event "Tournoi Skype 019A"]
[Site "Skype"]
[Date "????.??.??"]
[Round "6.15"]
[White "Sauvaget, Joel"]
[Black "Galani, Mahendra"]
[Result "1/2-1/2"]
[WhiteElo "1658"]
[BlackElo "1487"]
[PlyCount "89"]

1. d4 d5 2. Nf3 b6 3. e3 Bb7 4. Be2 Qd6 5. Bd2 Nd7 6. Bc3 Ngf6 7. h3 Ne4 8. a3
Nxc3 9. Nxc3 c6 10. Bd3 g6 11. Ne2 Bg7 12. Ng3 e5 13. dxe5 Nxe5 14. c3 Nxd3+
15. Qxd3 O-O 16. O-O Rfe8 17. Rfe1 c5 18. Qd1 d4 19. exd4 Rxe1+ 20. Qxe1 Bxf3
21. gxf3 cxd4 22. cxd4 Qc6 23. Qe4 Qc8 24. Kg2 Rb8 25. Qe3 Qd7 26. Rd1 Re8 27.
Qd2 Qb5 28. Ne4 Rd8 29. Nc3 Qc4 30. Ne2 Re8 31. Ng3 Rd8 32. Ne2 Qd5 33. Qd3
Qg5+ 34. Ng3 h5 35. Qd2 Qd5 36. Ne2 h4 37. Qf4 g5 38. Qe4 Qb3 39. Rd2 Bf6 40.
Qd3 Qe6 41. d5 Qe5 42. d6 Rd7 43. Qd5 Qe8 44. Nc3 Be5 45. Ne4 1/2-1/2

[Event "Tournoi Skype 019A"]
[Site "Skype"]
[Date "????.??.??"]
[Round "6.16"]
[White "Le Brun, Yves"]
[Black "Alvarez, Rafael Andres"]
[Result "0-1"]
[WhiteElo "1532"]
[BlackElo "1618"]
[PlyCount "24"]

1. e4 d5 2. exd5 Qxd5 3. Nc3 Qa5 4. a3 e6 5. d3 Nf6 6. Bd2 c6 7. Nf3 Qc7 8. Ne4
Nbd7 9. c3 Be7 10. Be2 O-O 11. O-O Rd8 12. d4 Nxe4 0-1

[Event "Tournoi Skype 019A"]
[Site "Skype"]
[Date "????.??.??"]
[Round "6.17"]
[White "Saponara, Jose Maria"]
[Black "Sepulveda, Lyda Marcela"]
[Result "1-0"]
[WhiteElo "1583"]
[BlackElo "1612"]
[PlyCount "71"]

1. Nf3 Nc6 2. b3 e5 3. d3 d5 4. Bb2 Bd6 5. Nbd2 Nf6 6. e4 dxe4 7. dxe4 O-O 8.
Bd3 Bg4 9. h3 Be6 10. Ng5 Nd7 11. Nxe6 fxe6 12. h4 Qf6 13. Qe2 Nd4 14. Qf1 Nc5
15. f3 b5 16. O-O-O c6 17. c3 Ndxb3+ 18. axb3 h5 19. Bc2 Qf4 20. Qf2 Nxb3+ 21.
Bxb3 Qf7 22. Qg3 a5 23. Qg5 a4 24. Ba2 a3 25. Ba1 Rfc8 26. Nb3 Be7 27. Qxe5 Bf6
28. Qg3 c5 29. Rd6 b4 30. e5 Be7 31. Nxc5 b3 32. Bxb3 Kh7 33. Bxe6 Qxe6 34.
Nxe6 Rxc3+ 35. Bxc3 a2 36. Qxg7# 1-0

[Event "Tournoi Skype 019A"]
[Site "Skype"]
[Date "????.??.??"]
[Round "6.19"]
[White "Meaney, Mike"]
[Black "Aranzubia, Desiderio"]
[Result "1/2-1/2"]
[WhiteElo "1430"]
[BlackElo "1591"]
[PlyCount "64"]

1. d4 d5 2. Nf3 Nf6 3. c3 e6 4. Nbd2 c5 5. e3 a6 6. Be2 Nc6 7. h3 cxd4 8. exd4
b5 9. a3 Rb8 10. b4 Bd6 11. Nb3 Ne4 12. Bd2 Nxd2 13. Qxd2 Bb7 14. Bd3 Rc8 15.
Qe2 Nb8 16. Qe3 Rxc3 17. Bxb5+ axb5 18. Qxc3 O-O 19. O-O Nd7 20. Qd3 Qb6 21.
Nc5 Bc8 22. Nxd7 Bxd7 23. Rfc1 Be7 24. Ne5 Bc8 25. Rc6 Qd8 26. Rac1 Bb7 27. Rc7
Ba6 28. R1c6 f6 29. Nd7 Re8 30. Qc3 Qa8 31. Nb6 Qb8 32. Rd7 Bd8 1/2-1/2

[Event "Tournoi Skype 019A"]
[Site "Skype"]
[Date "????.??.??"]
[Round "6.21"]
[White "Alvarez, Juan Evangelista"]
[Black "Carballo, Jorge"]
[Result "1-0"]
[WhiteElo "1400"]
[BlackElo "1599"]
[PlyCount "59"]

1. Nf3 Nf6 2. Nc3 d5 3. d4 e6 4. Bg5 Bb4 5. Qd3 O-O 6. O-O-O Bxc3 7. Qxc3 c6 8.
h4 h6 9. Ne5 hxg5 10. hxg5 Ne4 11. Qh3 Qxg5+ 12. f4 Qxf4+ 13. e3 Qh6 14. Qxh6
gxh6 15. Rxh6 Kg7 16. Rh3 Nf2 17. Rg3+ Kh8 18. Rd2 Ne4 19. Rh3+ Kg7 20. Rd1 Nd7
21. Bd3 Ndf6 22. Rf1 Bd7 23. Rhf3 Be8 24. Rf4 Rd8 25. Bxe4 Nxe4 26. Rg4+ Ng5
27. Rxg5+ Kh6 28. Rg3 f5 29. Rh1+ Bh5 30. Rg6+ 1-0

[Event "Tournoi Skype 019A"]
[Site "Skype"]
[Date "????.??.??"]
[Round "6.22"]
[White "Mitrani, Alberto"]
[Black "Aceituno, Stebe"]
[Result "1-0"]
[WhiteElo "1522"]
[BlackElo "1586"]
[PlyCount "95"]

1. c4 e5 2. g3 Nc6 3. Bg2 Nf6 4. d3 d5 5. cxd5 Nxd5 6. a3 g6 7. Nc3 Nxc3 8.
bxc3 Bg7 9. Bb2 O-O 10. e4 Be6 11. Ne2 Qd7 12. O-O Bh3 13. Qc2 Bxg2 14. Kxg2
Qg4 15. d4 exd4 16. cxd4 Na5 17. f3 Qd7 18. Rfd1 c6 19. Rac1 Rac8 20. Qa4 b6
21. Bc3 Qc7 22. d5 Bxc3 23. Rxc3 b5 24. Qc2 Nc4 25. Rdd3 cxd5 26. exd5 Qe5 27.
d6 Qf5 28. Nd4 Qd7 29. Nxb5 Qxb5 30. d7 Rcd8 31. Rxc4 Rxd7 32. Rxd7 Qxd7 33.
Rc7 Qd4 34. Qf2 Qxf2+ 35. Kxf2 Ra8 36. Ke3 Kg7 37. Kd4 Kf6 38. h4 Ke6 39. Kc5
h5 40. Kb5 a5 41. Ka4 f5 42. Rc6+ Kf7 43. Rc5 Ke6 44. Rxa5 Rxa5+ 45. Kxa5 Kd6
46. Kb6 Kd7 47. Kb7 Kd6 48. a4 1-0

[Event "Tournoi Skype 019A"]
[Site "Skype"]
[Date "????.??.??"]
[Round "7.1"]
[White "Martine, Jean-Christophe"]
[Black "Deville, Olivier"]
[Result "1-0"]
[WhiteElo "2056"]
[BlackElo "2032"]
[PlyCount "87"]

1. d4 Nf6 2. Nd2 c5 3. e3 b6 4. Ngf3 e6 5. Bd3 Be7 6. O-O O-O 7. Re1 Bb7 8. c3
d5 9. e4 dxe4 10. Nxe4 cxd4 11. Nxd4 Nbd7 12. Nxf6+ Nxf6 13. Bf4 Qd5 14. f3 Bc5
15. Be3 Rad8 16. Qe2 Qh5 17. Rad1 Bd6 18. f4 Qxe2 19. Rxe2 Nd5 20. g3 Nxe3 21.
Rxe3 Bc5 22. Kf2 Bxd4 23. cxd4 g6 24. Be2 Rd7 25. Rc3 Rfd8 26. Ke3 Kf8 27. Bb5
Re7 28. Rdc1 a6 29. Bc6 Rc8 30. a4 Rxc6 31. Rxc6 Bxc6 32. Rxc6 Rb7 33. b4 Ke7
34. Ke4 Kd7 35. b5 a5 36. Ke5 Ke7 37. g4 f6+ 38. Ke4 Kf7 39. d5 exd5+ 40. Kxd5
Rd7+ 41. Rd6 Ke7 42. Rxd7+ Kxd7 43. h4 h6 44. h5 1-0

[Event "Tournoi Skype 019A"]
[Site "Skype"]
[Date "????.??.??"]
[Round "7.2"]
[White "Benson, Paul"]
[Black "Hervais, Adrien"]
[Result "1-0"]
[WhiteElo "2040"]
[BlackElo "2124"]
[PlyCount "65"]

1. d4 d5 2. Nc3 e6 3. e4 Nf6 4. Bg5 Bb4 5. e5 h6 6. Be3 Ne4 7. Qg4 Kf8 8. a3
Bxc3+ 9. bxc3 Nxc3 10. Bd3 c5 11. dxc5 Nc6 12. Nf3 Qa5 13. O-O Qa4 14. Qxa4
Nxa4 15. Rab1 Ke7 16. Rb3 a6 17. c4 d4 18. Nxd4 Nxe5 19. Be2 Nxc5 20. Nf5+ exf5
21. Bxc5+ Ke6 22. Re1 Rd8 23. f4 Ng6 24. Rb6+ Kd7 25. Bh5 Kc7 26. Bxg6 fxg6 27.
Rxg6 Rd7 28. Bb6+ Kb8 29. Re8 a5 30. c5 Ra6 31. Rge6 Rf7 32. Rd6 Ra8 33. Rxc8+
1-0

[Event "Tournoi Skype 019A"]
[Site "Skype"]
[Date "????.??.??"]
[Round "7.3"]
[White "Rico Hernandez, Edgar"]
[Black "Dal, Ibrahim"]
[Result "1-0"]
[WhiteElo "1889"]
[BlackElo "1840"]
[PlyCount "141"]

1. d4 c6 2. e4 d5 3. e5 Bf5 4. Bd3 Bxd3 5. Qxd3 e6 6. Nf3 Qa5+ 7. Nbd2 Qa6 8.
Qxa6 Nxa6 9. a3 c5 10. c3 Ne7 11. O-O cxd4 12. cxd4 Nc6 13. Nb3 h6 14. Bd2 Be7
15. Rac1 Kd7 16. Na5 Nxa5 17. Bxa5 Rac8 18. Rfd1 b6 19. Bd2 Rxc1 20. Rxc1 Rc8
21. Rxc8 Kxc8 22. Kf1 Kb7 23. Ke2 Nb8 24. Kd3 Nc6 25. Ng1 a5 26. Ne2 b5 27. Nc1
a4 28. Ne2 Ka6 29. g3 Bd8 30. h4 Ba5 31. Bxa5 Nxa5 32. Kc3 Nc6 33. Nf4 Ne7 34.
Nd3 Kb6 35. Nc5 Nc6 36. h5 Nxe5 37. Nxa4+ bxa4 38. dxe5 Kc5 39. b4+ axb3 40.
Kxb3 Kd4 41. f4 Ke3 42. Kc2 Ke2 43. Kc3 Ke3 44. Kc2 Kd4 45. Kb3 Kc5 46. a4 Kb6
47. Kb4 Ka6 48. a5 Ka7 49. Kb5 Kb7 50. Kc5 Ka6 51. f5 Kxa5 52. f6 gxf6 53. exf6
d4 54. Kxd4 Kb5 55. g4 Kc6 56. g5 hxg5 57. h6 Kd6 58. h7 e5+ 59. Ke4 Ke6 60.
h8=Q g4 61. Qg7 g3 62. Kf3 e4+ 63. Kxg3 e3 64. Kf3 e2 65. Kxe2 Kf5 66. Qxf7 Ke5
67. Qe7+ Kf5 68. f7 Kg6 69. f8=R Kh6 70. Rf6+ Kg5 71. Qg7+ 1-0

[Event "Tournoi Skype 019A"]
[Site "Skype"]
[Date "????.??.??"]
[Round "7.4"]
[White "Joshi, Aryan"]
[Black "Ibarra Cantu, Raul Alberto"]
[Result "1/2-1/2"]
[WhiteElo "1697"]
[BlackElo "2097"]
[PlyCount "123"]

1. d4 Nf6 2. Bg5 e6 3. Nf3 Be7 4. e3 b6 5. Bd3 O-O 6. e4 Bb7 7. Qe2 c5 8. c3
Qc8 9. e5 Nd5 10. Qe4 g6 11. Qh4 f6 12. exf6 Bxf6 13. c4 Bxg5 14. Qxg5 Nf4 15.
Bc2 Bxf3 16. gxf3 cxd4 17. Nd2 Qc5 18. Ne4 Qxg5 19. Nxg5 Nc6 20. O-O-O Ne5 21.
Rhe1 Nxc4 22. Rxd4 d5 23. Nxe6 Nxe6 24. Rxe6 Rxf3 25. Rxd5 Rxf2 26. Bb3 Rc8 27.
Rd4 Nd2+ 28. Kd1 Nxb3 29. axb3 Rc7 30. Rd8+ Kg7 31. Rd2 Rcf7 32. Ree2 Rf1+ 33.
Re1 Rxe1+ 34. Kxe1 Rf5 35. Rd7+ Kh6 36. Rd3 Kg5 37. Ke2 h5 38. Rg3+ Kf6 39. Ke3
Rb5 40. Kd4 g5 41. Rf3+ Rf5 42. Rh3 Kg6 43. Ke3 g4 44. Rg3 Kg5 45. Rg2 Rb5 46.
Rc2 Rxb3+ 47. Ke4 g3 48. Rg2 Kg4 49. hxg3 Rxg3 50. Rf2 h4 51. Rf4+ Kg5 52. Rf5+
Kg6 53. Rf4 h3 54. Rh4 Kg5 55. Rh8 Kg4 56. Rg8+ Kh4 57. Rh8+ Kg4 58. Rg8+ Kh4
59. Rh8+ Kg4 60. Rg8+ Kh4 61. Rh8+ Kg4 62. Rg8+ 1/2-1/2

[Event "Tournoi Skype 019A"]
[Site "Skype"]
[Date "????.??.??"]
[Round "7.5"]
[White "Ricieri, Vinicius"]
[Black "Jacquelin, Norbert"]
[Result "1-0"]
[WhiteElo "1738"]
[BlackElo "1839"]
[PlyCount "87"]

1. e4 e5 2. Nf3 Nf6 3. Nxe5 d6 4. Nf3 Nxe4 5. d4 d5 6. Bd3 Be7 7. O-O Nc6 8. c3
Bg4 9. Nbd2 f5 10. h3 Bh5 11. Qb3 O-O 12. Qxb7 Rf6 13. Qb3 Rb8 14. Qc2 Rg6 15.
Kh1 Qd6 16. b4 Bf6 17. a4 Nd8 18. Ba3 Ne6 19. b5 Qd8 20. g3 N6g5 21. g4 Nxf3
22. gxh5 Rh6 23. Nxf3 Rxh5 24. Kg2 Bh4 25. Bc5 Qf6 26. Bxa7 Qg6+ 27. Kh1 Ra8
28. Ne5 Qe6 29. Qe2 Rh6 30. Bc5 Bf6 31. Bxe4 dxe4 32. Qa2 Qxa2 33. Rxa2 Bxe5
34. dxe5 Rxh3+ 35. Kg2 Rxc3 36. Be3 Kf7 37. a5 g5 38. Rc1 Rxc1 39. Bxc1 h6 40.
a6 Ke6 41. Rc2 Kxe5 42. Rxc7 f4 43. a7 h5 44. b6 1-0

[Event "Tournoi Skype 019A"]
[Site "Skype"]
[Date "????.??.??"]
[Round "7.6"]
[White "Karia, Vijay"]
[Black "Engstrom, Olle"]
[Result "1-0"]
[WhiteElo "1671"]
[BlackElo "1759"]
[PlyCount "65"]

1. e4 e5 2. Bc4 Nf6 3. d3 Nc6 4. Nc3 Bb4 5. Nge2 O-O 6. O-O d6 7. Bg5 Be6 8.
Bd5 Na5 9. a3 Bxc3 10. Nxc3 h6 11. Bh4 Nc6 12. f4 Bg4 13. Bxf6 Bxd1 14. Bxd8
Nxd8 15. Raxd1 c6 16. Ba2 exf4 17. Rxf4 Ne6 18. Bxe6 fxe6 19. Rdf1 e5 20. Rxf8+
Rxf8 21. Rxf8+ Kxf8 22. Kf2 Ke7 23. Ke3 Ke6 24. d4 exd4+ 25. Kxd4 b5 26. Na2
c5+ 27. Ke3 Ke5 28. Nc3 a6 29. Nd5 a5 30. c3 g6 31. b4 axb4 32. axb4 cxb4 33.
cxb4 1-0

[Event "Tournoi Skype 019A"]
[Site "Skype"]
[Date "????.??.??"]
[Round "7.9"]
[White "Gharbi, Said"]
[Black "Casey, Eamonn"]
[Result "1-0"]
[WhiteElo "1597"]
[BlackElo "1703"]
[PlyCount "45"]

1. e4 e6 2. d4 d5 3. exd5 exd5 4. c4 Nf6 5. c5 a6 6. b4 Nc6 7. Bg5 Be7 8. Nf3
Bg4 9. Be2 Nxb4 10. Nbd2 Bxf3 11. Nxf3 Nc6 12. Qa4 O-O 13. Rb1 Rb8 14. Bd3 Re8
15. O-O Ne4 16. Be3 Nc3 17. Bxh7+ Kh8 18. Qc2 Nxb1 19. Rxb1 Bf6 20. Qf5 g6 21.
Qh3 Qc8 22. g4 Rxe3 23. Bxg6+ 1-0